| 000 | 00547nam a2200217Ia 4500 | ||
|---|---|---|---|
| 003 | OSt | ||
| 005 | 20220607104832.0 | ||
| 008 | 210210b2004 xxu||||| |||| 00| 0 eng d | ||
| 020 | _a81 259 1608 3 | ||
| 040 | _cAL | ||
| 041 | _aeng | ||
| 082 | _a657.95 MAHC | ||
| 100 |
_aMAHESHWARI (S N) and MASHESHWARI (S K). _940808 |
||
| 245 | _aCorporate accounting | ||
| 250 | _a4 | ||
| 260 |
_aNew Delhi _bVikas Publishing House Pvt Ltd. _c2004 |
||
| 300 | _axvii,3.324,A13 | ||
| 690 |
_aAccountancy _940809 |
||
| 906 | _a059776 | ||
| 942 |
_2ddc _cBK |
||
| 999 |
_c106962 _d106962 |
||